Państwa po flagach graniczących państw - Statystyki

Ogólne statystyki
  • Ten quiz został rozwiązany 56 razy
    26 od ostatniego zresetowania
  • Średni wynik to 15 z 16
Statystyki odpowiedzi
Obrazkowy Odpowiedź % Poprawnych
Liban
100%
Litwa
100%
Mongolia
100%
Słowacja
100%
Hiszpania
95%
Indie
95%
Jemen / Zjednoczone Emiraty Arabskie
95%
Kanada
95%
Korea Południowa
95%
Mołdawia
95%
San Marino / Watykan
95%
Tunezja
95%
Egipt
91%
Brunei
82%
Gwinea Równikowa
64%
Togo
64%
Nie znaleziono quizów pasujących do podanych kryteriów
Rozkład punktacji
Procent ludzi z każdym wynikiem
Percentyl według liczby udzielonych odpowiedzi
Twoja historia wyników
Nie rozwiązałeś tego quizu od ostatniego zresetowania